|
|
|
|
| LEADER |
01724nam a22003134a 4500 |
| 001 |
27455 |
| 005 |
20150911020002.0 |
| 008 |
130902s2012 mauab b 001 0 eng |
| 010 |
|
|
|a 2011000575
|
| 020 |
|
|
|a 9780763779825 (pbk.)
|
| 020 |
|
|
|a 0763779822 (pbk.)
|
| 040 |
|
|
|a DNLM/DLC
|c DLC
|d YDX
|d BTCTA
|d YDXCP
|d NLM
|d CDX
|d DLC
|d BD-DhAAL
|
| 050 |
0 |
0 |
|a QR100
|b .B87 2012
|
| 082 |
0 |
0 |
|a 579/.17
|2 22
|
| 100 |
1 |
|
|a Burlage, Robert S.
|9 2875
|
| 245 |
1 |
0 |
|a Principles of public health microbiology /
|c Robert S. Burlage.
|
| 260 |
|
|
|a Sudbury, MA :
|b Jones & Bartlett Learning,
|c c2012.
|
| 300 |
|
|
|a xvi, 417 p. :
|b ill., maps ;
|c 23 cm.
|
| 504 |
|
|
|a Includes bibliographical references and index.
|
| 505 |
0 |
|
|a The scope of public health microbiology -- The importance of water -- Water treatment -- Waterborne diseases -- Wastewater treatment -- Case studies on water and wastewater -- Food -- Meat production -- Dairy products -- Food preservation -- Vaccines -- Sexually transmitted diseases -- Airborne diseases -- Vectorborne and zoonotic diseases -- Biowarfare -- Surveillance, monitoring, communication.
|
| 541 |
|
|
|e 27455
|
| 650 |
|
0 |
|a Microbial ecology.
|9 2876
|
| 650 |
|
0 |
|a Public health.
|9 2877
|
| 650 |
1 |
2 |
|a Environmental Microbiology.
|9 2878
|
| 650 |
2 |
2 |
|a Public Health.
|9 2879
|
| 942 |
|
|
|2 ddc
|c BK
|0 1
|
| 999 |
|
|
|c 13915
|d 13915
|
| 952 |
|
|
|0 0
|1 0
|2 ddc
|4 0
|6 579_170000000000000_BUR
|7 0
|9 23286
|a BRACUL
|b BRACUL
|c GEN
|d 2013-09-02
|e Karim International
|g 5700.00
|l 9
|m 30
|o 579.17 BUR
|p 3010027454
|r 2024-10-06
|s 2024-10-04
|t 1
|w 2013-09-02
|y BK
|
| 952 |
|
|
|0 0
|1 0
|2 ddc
|4 0
|6 579_170000000000000_BUR
|7 0
|9 23287
|a BRACUL
|b BRACUL
|c GEN
|d 2013-09-02
|e Karim International
|g 5700.00
|l 12
|m 63
|o 579.17 BUR
|p 3010027455
|r 2025-04-30
|s 2025-04-16
|t 2
|w 2013-09-02
|y BK
|